000 00362nam a2200157Ia 4500
999 _c6746
_d6746
003 OSt
005 20200312055715.0
008 200302s9999 xx 000 0 und d
020 _a9781632405289
100 _aSeth Royal
245 _a Civil and Architectural Engineering
260 _bClannrye Interanational
260 _c2016
300 _a209
942 _2ddc